Variables estratégicas de integración vertical : productos apícolas /
Guardado en:
| Autor Principal: | |
|---|---|
| Formato: | Libro |
| Idioma: | Spanish |
| Publicado: |
Buenos Aires :
SAGyP,
1995.
|
| Series: | Serie Integración Vertical
|
| Etiquetas: |
Agregar Etiqueta
Sin Etiquetas, Sea el primero en etiquetar este registro!
|
| LEADER | 00551nam a22001695a 4500 | ||
|---|---|---|---|
| 001 | EEA.libagro005243 | ||
| 005 | 20180928101137.0 | ||
| 008 | 130809s1995####ag#a##########000#0#spa#d | ||
| 082 | 0 | 4 | |a 658.93816 |
| 082 | 0 | 4 | |a 380.141816 |
| 082 | 0 | 4 | |a 638.1 |
| 100 | 1 | |a Nimo, Mercedes. | |
| 245 | 1 | 0 | |a Variables estratégicas de integración vertical : |b productos apícolas / |c Mercedes Nimo. |
| 260 | |a Buenos Aires : |b SAGyP, |c 1995. | ||
| 300 | |a 34 h. : |b il. ; |c 30 cm. | ||
| 490 | 1 | |a Serie Integración Vertical | |
| 859 | |a AR-BbBCA |b BIB. AGRONOMIA |h 658.93816 |i N713-1 |p 1996/2514 | ||
